Wszystkie powiaty Polski na literę "C" - Statystyki

Ogólne statystyki
  • Ten quiz został rozwiązany 31 razy
  • Średni wynik to 8 z 11
Statystyki odpowiedzi
Powiat % Poprawnych
cieszyński
93%
częstochowski
89%
ciechanowski
85%
człuchowski
85%
chełmski
78%
chojnicki
74%
chełmiński
67%
chrzanowski
59%
chodzieski
56%
choszczeński
56%
czarnkowsko trzcianecki
52%
Nie znaleziono quizów pasujących do podanych kryteriów
Rozkład punktacji
Procent ludzi z każdym wynikiem
Percentyl według liczby udzielonych odpowiedzi
Twoja historia wyników
Nie rozwiązałeś tego quizu